UBT Library

GLOBALIZATION AND SECURITY (Record no. 59661)

000 -LEADER
fixed length control field 00333nam a22001457a 4500
008 - FIXED-LENGTH DATA ELEMENTS--GENERAL INFORMATION
fixed length control field 230508b ||||| |||| 00| 0 eng d
020 ## - INTERNATIONAL STANDARD BOOK NUMBER
International Standard Book Number 9780275996963
041 ## - LANGUAGE CODE
Language code of text/sound track or separate title eng
080 ## - UNIVERSAL DECIMAL CLASSIFICATION NUMBER
Edition identifier VOLUME 1,2
Universal Decimal Classification number 34
082 ## - DEWEY DECIMAL CLASSIFICATION NUMBER
Classification number 34FAG
100 ## - Rafti
Rafti 30
101 ## - Shkurtesa
Shkurtesa JUREDIK
245 ## - TITLE STATEMENT
Title GLOBALIZATION AND SECURITY
Statement of responsibility, etc FAGAN.H.G
942 ## - ADDED ENTRY ELEMENTS (KOHA)
Source of classification or shelving scheme
Item type Books
Holdings
Withdrawn status Lost status Source of classification or shelving scheme Damaged status Not for loan Collection code Permanent location Current location Date acquired Total Checkouts Full call number Barcode Date last seen Price effective from Koha item type
          Koleksioni i përgjithshem UBT - Lipjan UBT - Lipjan 05/08/2023   34FAG 002-800080111 05/08/2023 05/08/2023 Books
          Koleksioni i përgjithshem UBT - Lipjan UBT - Lipjan 05/08/2023   34FAG 002-800080112 05/08/2023 05/08/2023 Books
UBT Library © 2015-2024. All rights reserved University Education for Business and Technology